000 01053nam a22002657a 4500
999 _c22506
_d22506
003 AR-CdUCM
008 190425b ||||| |||| 00| 0 spa d
020 _a9786124126970
040 _aMUNICIPALIDAD PROVINCIAL DEL CUSCO
_cBIBLIOTECA MUNICIPAL DEL CUSCO
082 _a738.0985732/P4
_bP4
100 _aPerú Ministerio de Cultura
_948361
245 _aCerámica tradicional kichwa lamas de Wayku /
_cMinisterio de Cultura ; [investigación y texto, Luisa Elvira Belaunde].
260 _aLima :
_bMinisterio de Cultura,
_c2017.
300 _a71 páginas. :
_b il. col. ;
_c24 cm.
500 _zBibliografía: p. 71.
650 _aCerámica indígena
_948362
650 _aMujeres ceramistas
_948363
650 _aEl Wayku
_948364
650 _aCentro Poblado Comunidad Kechwa
_948365
700 _aBelaúnde, Luisa Elvira
_948366
710 _aMinisterio de Cultura Perú
_948332
856 _uhttps://www.ruraqmaki.pe/wp-content/uploads/2018/07/Kichwa-Lamas-de-Wayku-ilovepdf-compressed.pdf
_zLeer en pdf
942 _2ddc
_cLIBROS
945 _arac